[Event "Qatar Masters op-B"]
[Site "Doha"]
[Date "2024.12.09"]
[Round "6"]
[White "Mua, Nasrudin"]
[Black "Wazwaz, Amjad"]
[Result "0-1"]
[WhiteElo "1717"]
[BlackElo "1956"]
[PlyCount "112"]
[EventDate "2024.12.03"]
[EventType "swiss"]
[EventRounds "9"]
[EventCountry "QAT"]
[SourceTitle "CB51_2024"]
[SourceDate "2024.12.18"]
[SourceVersion "1"]
[SourceVersionDate "2024.12.18"]
[SourceQuality "1"]

1. e4 c6 2. Nf3 d5 3. Nc3 Bg4 4. exd5 cxd5 5. Bb5+ Nc6 6. h3 Bxf3 7. Qxf3 e6 8. 0-0 Bd6 9. Re1 Nge7 10. Qh5 0-0 11. Bd3 g6 12. Qg5 Rc8 13. b3 Nb4 14. Bb2 Nxd3 15. cxd3 Nf5 16. Qg4 Bb8 17. g3 h5 18. Qf3 Nd4 19. Qe3 e5 20. Rac1 Qd7 21. Kg2 Rc6 22. Qg5 Ne6 23. Qh6 Ng7 24. Na4 Rxc1 25. Rxc1 d4 26. Nc5 Qd5+ 27. Ne4 Nf5 28. Qg5 Bd6 29. f3 Be7 30. Nf6+ Bxf6 31. Qxf6 Qa5 32. Rc2 Qxa2 33. Qxe5 Qxb3 34. Qc5 Qxd3 35. Qc4 Qxc4 36. Rxc4 Rd8 37. g4 hxg4 38. hxg4 Ng7 39. Rc7 Ne6 40. Rxb7 Rc8 41. Ba3 a6 42. Kf2 Rc2 43. Ke1 Kg7 44. Be7 Rc7 45. Rxc7 Nxc7 46. Bd8 Ne6 47. Bb6 Kf6 48. Ba7 Ke5 49. Bb8+ Kd5 50. Kd1 d3 51. Ke1 a5 52. f4 f5 53. gxf5 gxf5 54. Be5 Ke4 55. Bc3 a4 56. Kf2 Nxf4 0-1